| 000 | 01070nam a2200253 i 4500 | ||
|---|---|---|---|
| 999 |
_c7892 _d7892 |
||
| 001 | 991058478168306706 | ||
| 003 | OSt | ||
| 005 | 20240522141905.0 | ||
| 006 | m o d | | ||
| 007 | cr ||||||||||| | ||
| 008 | 201029s2019 sp a ob 000 0 spa d | ||
| 040 |
_aCDMR _cCDMR _bcat |
||
| 110 | 1 |
_9828 _aConsell de l'Audiovisual de Catalunya |
|
| 245 | 1 | 0 |
_aRecomanacions sobre el tractament de les persones LGBTI+ als mitjans audiovisuals _c/ Consell de l'Audiovisual de Catalunya, Generalitat de Catalunya. Departament d'Igualtat i Feminismes, Col·legi de Periodistes de Catalunya |
| 264 | 1 | _c2024 | |
| 300 | _a1 recurs electrònic (24 pàgines) | ||
| 505 | _aActualització de les recomanacions de 2017 | ||
| 650 | 0 |
_aÈtica periodística _9983 |
|
| 650 | 0 |
_aMitjans de comunicació de massa i minories _93830 |
|
| 710 | 1 |
_91064 _aCatalunya _b -- Generalitat. Departament d'Igualtat i Feminismes |
|
| 710 | 2 |
_9133 _aCol·legi de Periodistes de Catalunya |
|
| 856 |
_zAccés en línia _uhttps://omeka.periodistes.cat/items/show/710 |
||
| 942 |
_2udc _cRECURS_WEB |
||